书目信息 |
| 题名: |
环境法律案例
|
|
| 作者: | 兰花 主编 ;篮楠 , 戈华清 , 李铮 本册主编 | |
| 分册: | ||
| 出版信息: | 太原 山西教育出版社 2004.07 |
|
| 页数: | 405页 | |
| 开本: | 21cm | |
| 丛书名: | 百姓法律通丛书 | |
| 单 册: | ||
| 中图分类: | D922.685 | |
| 科图分类: | ||
| 主题词: | 环境保护法--huan jing bao hu fa--案例--分析--中国 | |
| 电子资源: | ||
| ISBN: | 7-5440-2758-9 | |
| 000 | 01121nam 2200277 450 | |
| 001 | 012006850315 | |
| 005 | 20060407082226.78 | |
| 010 | @a7-5440-2758-9@dCNY21.00 | |
| 100 | @a20060407d2004 km y0chiy0120 ea | |
| 101 | 0 | @achi |
| 102 | @aCN@b140000 | |
| 105 | @ay z 000yy | |
| 200 | 1 | @a环境法律案例@Ahuan jing fa lu an li@f兰花主编@Flan hua zhu bian@g篮楠, 戈华清, 李铮本册主编@Glan nan,ge hua qing,li zheng ben ce zhu bian |
| 210 | @a太原@c山西教育出版社@d2004.07 | |
| 215 | @a405页@d21cm | |
| 225 | 2 | @a百姓法律通丛书@Abai xing fa lu tong cong shu |
| 330 | @a本书通过案例的形式对环境方面的问题进行剖析,共16大类70个案例,主要是按照环境问题的特性进行分类,通过对与人们生活最贴近的案例的分析,为人们利用法律来解决由于环境污染和生态破坏而造成的损害提供参考。 | |
| 410 | 0 | @12001 @a百姓法律通丛书 |
| 606 | 0 | @a环境保护法@Ahuan jing bao hu fa@x案例@y分析@z中国 |
| 690 | @aD922.685@v4 | |
| 701 | 0 | @a兰花@Alan hua@4主编 |
| 702 | 0 | @a篮楠@Alan nan@4本册主编 |
| 702 | 0 | @a戈华清@Age hua qing@4本册主编 |
| 702 | 0 | @a李铮@Ali zheng@4本册主编 |
| 801 | 0 | @aCN@bQSSK@c20060407 |
| 905 | @a10447@dD922.685@eL036 | |
| 环境法律案例/兰花主编/篮楠, 戈华清, 李铮本册主编.-太原:山西教育出版社,2004.07 |
| 405页;21cm.-(百姓法律通丛书) |
| ISBN 7-5440-2758-9:CNY21.00 |
| 本书通过案例的形式对环境方面的问题进行剖析,共16大类70个案例,主要是按照环境问题的特性进行分类,通过对与人们生活最贴近的案例的分析,为人们利用法律来解决由于环境污染和生态破坏而造成的损害提供参考。 |
| ● |
| 相关链接 |
|
|
|
正题名:环境法律案例
索取号:D922.685/L036
 
预约/预借
| 序号 | 登录号 | 条形码 | 馆藏地/架位号 | 状态 | 备注 |
| 1 | 557484 | 205574840 | 社科库509/509社科库 90排7列1层/ [索取号:D922.685/L036] | 在馆 | |
| 2 | 557485 | 205574859 | 社科库509/509社科库 90排7列1层/ [索取号:D922.685/L036] | 在馆 |